| 000 | 00525nam a2200181 a 4500 | ||
|---|---|---|---|
| 005 | 20140310183442.0 | ||
| 008 | 080704s19uu xx 00 eng d | ||
| 020 | _a9-789710-851126 | ||
| 050 |
_aKPM 1750 _b.N152 2005 |
||
| 100 | _aNolledo, Jose N. | ||
| 245 | _aThe 1987 constitution of the philippines. | ||
| 250 | _a1992 revised ed. | ||
| 260 |
_aMandaluyong City : _bNational Bookstore, _c1992. |
||
| 300 | _a79 | ||
| 650 | _aFilipiniana books. | ||
| 650 | _a1987 Constitution of the Philippines. | ||
| 942 |
_cBK _2lcc |
||
| 999 |
_c23146 _d23146 |
||